Munkászenekar alakul
Elmentve itt :
| Dokumentumtípus: | Cikk |
|---|---|
| Megjelent: |
1946-05-08
|
| Sorozat: | Délmagyarország
3 No. 120 |
| Kulcsszavak: | Munkászenekar Szeged 1946, Zenei élet Szeged 1946, zeneélet |
| Online Access: | http://dmarchiv.bibl.u-szeged.hu/76256 |
| LEADER | 00438nab a2200145 i 4500 | ||
|---|---|---|---|
| 001 | delm76256 | ||
| 005 | 20180928084358.0 | ||
| 008 | 180928s1946 hu o 0|| hun d | ||
| 040 | |a SZTE Délmagyarország Archívum |b hun | ||
| 041 | |a hun | ||
| 245 | 0 | 0 | |a Munkászenekar alakul |h [elektronikus dokumentum] |
| 260 | |c 1946-05-08 | ||
| 300 | |a 3 | ||
| 490 | 0 | |a Délmagyarország |v 3 No. 120 | |
| 695 | |a Munkászenekar Szeged 1946, Zenei élet Szeged 1946, zeneélet | ||